15 principales países afectados por Covid19 - 18 de mayo - Estadísticas

Estadísticas generales
  • Esta prueba ha sido intentada 7 veces
  • La puntuación promedio es 16 de 25
Estadísticas de respuestas
país % Correcto
Alemania
100%
Brasil
100%
Canadá
100%
China
100%
Estados Unidos
100%
Italia
100%
Reino Unido
100%
España
86%
Suiza
86%
India
71%
Irlanda
71%
Perú
71%
Portugal
71%
Rusia
71%
Suecia
71%
Bélgica
57%
Francia
57%
Turquía
57%
Catar
29%
Irán
29%
Singapur
29%
Arabia Saudita
14%
Baréin
14%
Bielorrusia
14%
Kuwait
14%
No se encontraron pruebas coincidentes
Distribución de puntuación
Porcentaje de gente con cada puntuación
Porcentaje por número respondido
Historial de tus puntuaciones
No has intentado esta prueba.